Air Canada Destinations on a Map - Statistics

General Stats
  • This quiz has been taken 200 times
  • The average score is 110 of 171
Answers on the Map
Answers color-coded by a green-red scale on the quiz's map according to % correct below.
 
Answer Stats
Country Answer % Correct
Canada Vancouver
96%
Canada | United Kingdom London
95%
Ireland Dublin
94%
Spain Madrid
94%
Italy Rome
94%
South Korea Seoul
94%
Japan Tokyo
94%
India Delhi
93%
UAE Dubai
93%
France Paris
93%
Australia | Canada Sydney
93%
Greece Athens
92%
Germany Frankfurt
92%
Portugal Lisbon
92%
United Kingdom Manchester
92%
Spain Barcelona
91%
India Mumbai
91%
Canada Toronto
91%
The Netherlands Amsterdam
90%
China Beijing
90%
United States Los Angeles
90%
Mexico Mexico City
90%
Italy Milan
90%
Canada Montreal
90%
United States Seattle
90%
Sweden Stockholm
90%
Austria Vienna
90%
New Zealand Auckland
89%
Belgium Brussels
89%
Hong Kong Hong Kong
89%
United States Miami
89%
China Shanghai
89%
United States Chicago
88%
Denmark Copenhagen
88%
Japan Osaka
88%
United States San Francisco
88%
Italy Venice
88%
Thailand Bangkok
87%
United States Houston
87%
United States New York
87%
Iceland Reykjavik
87%
Singapore Singapore
87%
United States Boston
86%
United Kingdom Edinburgh
86%
United States Las Vegas
86%
Germany Munich
86%
Portugal Porto
86%
United States Dallas
85%
United States Orlando
85%
Czech Republic Prague
85%
United States Washington
85%
Switzerland Zurich
85%
Australia Brisbane
84%
Argentina Buenos Aires
84%
Canada Calgary
84%
Canada Edmonton
84%
United States Honolulu
84%
Brazil Sao Paulo
84%
Algeria Algiers
82%
United States Atlanta
82%
United States Austin
82%
Colombia Bogota
82%
Italy Naples
82%
France Nice
82%
Panama Panama City
82%
United States San Diego
82%
Chile Santiago
82%
United States Tampa
82%
Mexico Cancun
81%
Morocco Casablanca
81%
United States New Orleans
81%
United States Phoenix
81%
United States Anchorage
80%
United States Denver
80%
Switzerland Geneva
80%
Bahamas Nassau
80%
Mexico San Jose del Cabo
80%
United States Charlotte
79%
France Lyon
79%
Canada Ottawa
79%
United States Philadelphia
79%
Canada Quebec City
79%
United States Salt Lake City
79%
Costa Rica San Jose
77%
United States Detroit
76%
United States Minneapolis
76%
United States Newark
75%
United States Jacksonville
74%
United States Nashville
74%
United States Cleveland
73%
Canada Halifax
73%
United States Sacramento
73%
United States Indianapolis
71%
United States Raleigh
71%
Canada St Johns
71%
United States St Louis
71%
Canada Winnipeg
71%
United States Cincinnati
69%
United States Kansas City
68%
United States Pittsburgh
68%
France Toulouse
68%
United States Baltimore
67%
Venezuela Caracas
66%
United States Fort Lauderdale
66%
Canada Victoria
63%
United States Columbus
62%
Mexico Monterrey
62%
United States Albany
60%
Canada Yellowknife
60%
Jamaica Montego Bay
56%
Canada Regina
56%
Canada Whitehorse
55%
Canada Saskatoon
54%
Canada Thunder Bay
54%
Trinidad and Tobago Port of Spain
53%
Dominican Republic Punta Cana
53%
United States Hartford
49%
Barbados Bridgetown
47%
Canada Windsor
46%
United States Syracuse
45%
Canada Kelowna
42%
Canada Sault Ste Marie
42%
Canada Charlottetown
40%
Canada Moncton
40%
United States Palm Springs
40%
Mexico Puerto Vallarta
40%
United States West Palm Beach
40%
Canada Fredericton
39%
Canada Sudbury
39%
Bahamas | Cayman Islands George Town
37%
Costa Rica Liberia
36%
Canada Nanaimo
36%
Canada Kamloops
35%
St Vincent St Vincent
35%
France (Martinique) Fort de France
33%
United States Santa Ana
32%
United States Charleston
31%
Canada Prince George
31%
United States Kahului
30%
United States Kona
29%
Canada Prince Rupert
29%
Sint Maarten Sint Maarten
29%
Canada Fort McMurray
28%
Canada Gander
28%
France (Guadeloupe) Pointe-a-Pitre
27%
Canada Timmins
24%
Canada Goose Bay
23%
Canada North Bay
22%
Canada Comox
21%
Canada Grande Prairie
19%
Canada Iles de la Madeleine
19%
Turks and Caicos Islands Providenciales
19%
Canada Deer Lake
18%
Mexico Ixtapa
18%
United States Portland Oregon
18%
Canada Sept-Iles
18%
Canada Bathurst
16%
Canada Cranbrook
16%
Canada Fort St John
15%
Canada Rouyn-Noranda
15%
Canada Castlegar
14%
Canada Sandspit
14%
Canada Terrace
14%
Canada Smithers
11%
Venezuela Porlamar
10%
Canada Bagotville
6%
Mexico Bahias de Huatulco
5%
Grenada St George´s
2%
No matching quizzes found
Score Distribution
Percent of People with Each Score
Percentile by Number Answered
Your Score History
You have not taken this quiz